[Event "Univé Chess Tournament 2009 - Open"]
[Site "Hoogeveen NED"]
[Date "2009.10.22"]
[Round "7.2"]
[White "Haslinger, Stewart"]
[Black "Brodsky, Michail"]
[Result "1-0"]
[WhiteElo "2529"]
[BlackElo "2530"]
[PlyCount "81"]
[EventDate "2009.10.16"]
[EventType "swiss"]
[EventRounds "9"]
[EventCountry "NED"]
[Source "lmi"]
[SourceDate "2009.10.16"]

1. e4 c5 2. Nf3 d6 3. d4 cxd4 4. Nxd4 Nf6 5. Nc3 a6 6. h3 g6 7. g4 Bg7 8. Bg2
O-O 9. Be3 Nc6 10. Qd2 Na5 11. b3 Bd7 12. O-O Nc6 13. Nde2 Qa5 14. a3 Rac8 15.
f4 h5 16. b4 Qd8 17. g5 Nh7 18. Rac1 b5 19. Nd5 e6 20. Nb6 Rb8 21. Qxd6 Rxb6
22. e5 Re8 23. Rfd1 Nf8 24. Kh2 Qb8 25. Bxb6 Qxb6 26. Nd4 Rc8 27. c4 Qa7 28.
cxb5 axb5 29. Nxc6 Bxc6 30. Rxc6 Rxc6 31. Qxc6 Qxa3 32. Qxb5 h4 33. Qc4 Qg3+
34. Kh1 Nh7 35. Rd8+ Bf8 36. b5 Qf2 37. Qf1 Qe3 38. Rb8 Qa7 39. Ra8 Qd4 40. Rb8
Qa7 41. Rb7 1-0

[Event "Univé Chess Tournament 2009 - Open"]
[Site "Hoogeveen NED"]
[Date "2009.10.22"]
[Round "7.3"]
[White "Kasparov, Sergey"]
[Black "Gruenfeld, Yehuda"]
[Result "1/2-1/2"]
[WhiteElo "2488"]
[BlackElo "2474"]
[PlyCount "74"]
[EventDate "2009.10.16"]
[EventType "swiss"]
[EventRounds "9"]
[EventCountry "NED"]
[Source "lmi"]
[SourceDate "2009.10.16"]

1. e4 c5 2. Nf3 d6 3. d4 cxd4 4. Nxd4 Nf6 5. f3 Nc6 6. c4 Qb6 7. Nc2 e6 8. Nc3
a6 9. Rb1 Be7 10. Be3 Qc7 11. Bf2 O-O 12. Be2 Ne5 13. Ne3 b6 14. O-O Bb7 15.
Qd2 Rac8 16. Rfc1 Qb8 17. b4 Rfd8 18. Qd1 h6 19. a4 Rd7 20. a5 bxa5 21. bxa5
Bd8 22. Na4 Bxa5 23. Nb6 Bxb6 24. Rxb6 Rc6 25. Rb2 d5 26. cxd5 Rxc1 27. Qxc1
exd5 28. exd5 Nxd5 29. Nxd5 Rxd5 30. Qb1 Rd7 31. Bxa6 Qd8 32. Be2 Qe7 33. h3
Bd5 34. Rb8+ Rd8 35. Rxd8+ Qxd8 36. Qd1 Nc6 37. Bb5 Be6 1/2-1/2

[Event "Univé Chess Tournament 2009 - Open"]
[Site "Hoogeveen NED"]
[Date "2009.10.22"]
[Round "7.4"]
[White "Genov, Petar"]
[Black "Ulibin, Mikhail"]
[Result "1/2-1/2"]
[WhiteElo "2470"]
[BlackElo "2533"]
[PlyCount "130"]
[EventDate "2009.10.16"]
[EventType "swiss"]
[EventRounds "9"]
[EventCountry "NED"]
[Source "lmi"]
[SourceDate "2009.10.16"]

1. d4 e6 2. c4 f5 3. g3 Nf6 4. Bg2 c6 5. Qc2 d5 6. Nh3 Bd6 7. O-O O-O 8. Bf4
Be7 9. Nc3 Nh5 10. Rad1 Nd7 11. Bc1 Nb6 12. b3 Kh8 13. e3 g5 14. Ne2 Bd7 15. f3
Be8 16. e4 Bg6 17. exf5 exf5 18. f4 g4 19. Nf2 Nf6 20. Nd3 Ne4 21. Ne5 Nd7 22.
Bxe4 fxe4 23. Nxg6+ hxg6 24. Nc3 Qc8 25. Qe2 Nf6 26. f5 gxf5 27. Bf4 Qe6 28.
Be5 Kh7 29. Rf2 Rac8 30. Rdf1 Nd7 31. Bf4 Bf6 32. Be3 Bg7 33. h3 dxc4 34. bxc4
Nb6 35. hxg4 Qxc4 36. gxf5 Qxe2 37. Nxe2 Nd5 38. Bg5 Rf7 39. g4 Kg8 40. Rg2
Rcf8 41. Kf2 a5 42. Rh1 b5 43. Bh6 b4 44. Bxg7 Rxg7 45. Rh6 Rf6 46. Rxf6 Nxf6
47. g5 Nd5 48. g6 a4 49. Ng3 b3 50. axb3 axb3 51. Nxe4 b2 52. Rg1 Rb7 53. Rb1
Kg7 54. Kg3 Rb4 55. Kf3 Rb3+ 56. Kg4 Nf6+ 57. Nxf6 Kxf6 58. Kf4 Rb7 59. Ke4 Rb3
60. Kf4 Rb8 61. Ke3 Rb3+ 62. Ke4 Rb7 63. Kd3 Kxf5 64. g7 Rxg7 65. Rxb2 Ke6
1/2-1/2

[Event "Univé Chess Tournament 2009 - Open"]
[Site "Hoogeveen NED"]
[Date "2009.10.22"]
[Round "7.5"]
[White "Willemze, Thomas"]
[Black "Friedel, Joshua E"]
[Result "1/2-1/2"]
[WhiteElo "2391"]
[BlackElo "2555"]
[PlyCount "72"]
[EventDate "2009.10.16"]
[EventType "swiss"]
[EventRounds "9"]
[EventCountry "NED"]
[Source "lmi"]
[SourceDate "2009.10.16"]

1. e4 e5 2. Nf3 Nc6 3. Nc3 Nf6 4. Bb5 Bd6 5. a3 O-O 6. d3 Ne7 7. Bc4 c6 8. Bg5
Ng6 9. h4 h6 10. h5 Nf4 11. Bxf4 exf4 12. e5 Re8 13. d4 Bc7 14. Be2 Nh7 15. Qd2
d6 16. Qxf4 dxe5 17. dxe5 Ng5 18. Rg1 Nxf3+ 19. gxf3 Bxe5 20. Qxh6 Bf5 21. Ne4
Bxb2 22. c3 Bg6 23. Rxg6 Bxc3+ 24. Nxc3 fxg6 25. Qf4 gxh5 26. Rd1 Qe7 27. Ne4
Rad8 28. Bc4+ Kh7 29. Bf7 Rxd1+ 30. Kxd1 Rd8+ 31. Kc2 Qd7 32. Bc4 Qd1+ 33. Kb2
Qd4+ 34. Kb1 Qd1+ 35. Kb2 Qd4+ 36. Kb1 Qd1+ 1/2-1/2

[Event "Univé Chess Tournament 2009 - Open"]
[Site "Hoogeveen NED"]
[Date "2009.10.22"]
[Round "7.6"]
[White "Caspi, Israel"]
[Black "Slingerland, Fred"]
[Result "1-0"]
[WhiteElo "2404"]
[BlackElo "2395"]
[PlyCount "71"]
[EventDate "2009.10.16"]
[EventType "swiss"]
[EventRounds "9"]
[EventCountry "NED"]
[Source "lmi"]
[SourceDate "2009.10.16"]

1. e4 c5 2. Nf3 Nc6 3. d4 cxd4 4. Nxd4 Nf6 5. Nc3 d6 6. f3 Nxd4 7. Qxd4 g6 8.
Bb5+ Bd7 9. Bxd7+ Qxd7 10. Be3 Bg7 11. O-O-O Qc6 12. Qb4 O-O 13. Nd5 Rfe8 14.
Kb1 Rac8 15. c3 Qa6 16. Rhe1 Nxd5 17. Rxd5 b6 18. Qb5 Qb7 19. h4 a6 20. Qxb6
Qxb6 21. Bxb6 Bxc3 22. Rc1 Bf6 23. Rxc8 Rxc8 24. Ra5 Bxh4 25. Rxa6 Bg5 26. a4
Rc1+ 27. Ka2 Bf6 28. Be3 Rc2 29. Rb6 Kg7 30. a5 e6 31. a6 d5 32. exd5 exd5 33.
a7 d4 34. Bf4 g5 35. a8=Q gxf4 36. Qa6 1-0

[Event "Univé Chess Tournament 2009 - Open"]
[Site "Hoogeveen NED"]
[Date "2009.10.22"]
[Round "7.8"]
[White "Kraai, Jesse"]
[Black "Bezemer, Arno"]
[Result "1/2-1/2"]
[WhiteElo "2526"]
[BlackElo "2364"]
[PlyCount "102"]
[EventDate "2009.10.16"]
[EventType "swiss"]
[EventRounds "9"]
[EventCountry "NED"]
[Source "lmi"]
[SourceDate "2009.10.16"]

1. Nf3 Nf6 2. c4 g6 3. Nc3 d5 4. cxd5 Nxd5 5. Qa4+ Nc6 6. Ne5 Qd6 7. Nxc6 Qxc6
8. Qxc6+ bxc6 9. g3 Bg7 10. Bg2 Be6 11. b3 O-O 12. Bb2 Rfd8 13. O-O-O Nb4 14.
a3 Nd5 15. Na4 f6 16. Nc5 Bf7 17. Na6 Rd6 18. d4 f5 19. Kc2 Rad8 20. e3 g5 21.
h4 h6 22. hxg5 hxg5 23. Bf1 f4 24. gxf4 gxf4 25. e4 Nb6 26. Nc5 Rb8 27. Rg1 Kf8
28. Bh3 Rh6 29. Bg4 Rd8 30. Rg2 Rg6 31. f3 Rg5 32. Rgd2 e5 33. dxe5 Rxd2+ 34.
Rxd2 Bxe5 35. Bxe5 Rxe5 36. b4 a5 37. Kc3 axb4+ 38. Kxb4 Re8 39. Rd4 Ra8 40. a4
Rb8 41. Kc3 Ra8 42. Bd7 Be8 43. Ne6+ Ke7 44. Bxe8 Nxa4+ 45. Rxa4 Rxa4 46. Bxc6
Ra3+ 47. Kb4 Rxf3 48. Nd4 Rf1 49. Bb5 Rc1 50. Nf3 c5+ 51. Kb3 Rb1+ 1/2-1/2

[Event "Univé Chess Tournament 2009 - Open"]
[Site "Hoogeveen NED"]
[Date "2009.10.22"]
[Round "7.10"]
[White "Ootes, Lars"]
[Black "Vul, Arkadi Eremeevich"]
[Result "0-1"]
[WhiteElo "2384"]
[BlackElo "2309"]
[PlyCount "60"]
[EventDate "2009.10.16"]
[EventType "swiss"]
[EventRounds "9"]
[EventCountry "NED"]
[Source "lmi"]
[SourceDate "2009.10.16"]

1. e4 e5 2. Nf3 Nc6 3. Bb5 g6 4. d4 exd4 5. c3 Nge7 6. cxd4 d5 7. e5 Bg7 8. h3
O-O 9. O-O h6 10. Nc3 Kh7 11. Re1 f6 12. Be3 fxe5 13. dxe5 Nxe5 14. Bc5 Nxf3+
15. gxf3 Rf7 16. Bxe7 Rxe7 17. Qxd5 Bxh3 18. Qxd8 Rxe1+ 19. Rxe1 Rxd8 20. Re7
c6 21. Bf1 Rd7 22. Rxg7+ Kxg7 23. Bxh3 Rd2 24. b4 Rc2 25. Ne4 Rxa2 26. Nc5 b6
27. Ne6+ Kf6 28. Nd4 Ra1+ 29. Kg2 Rc1 30. Bd7 Rd1 0-1

[Event "Univé Chess Tournament 2009 - Open"]
[Site "Hoogeveen NED"]
[Date "2009.10.22"]
[Round "7.12"]
[White "De Jong, Migchiel"]
[Black "Klein, David"]
[Result "0-1"]
[WhiteElo "2373"]
[BlackElo "2248"]
[PlyCount "92"]
[EventDate "2009.10.16"]
[EventType "swiss"]
[EventRounds "9"]
[EventCountry "NED"]
[Source "lmi"]
[SourceDate "2009.10.16"]

1. d4 Nf6 2. c4 g6 3. Nc3 Bg7 4. Nf3 O-O 5. Bg5 d6 6. e3 c5 7. Be2 Bf5 8. O-O
Ne4 9. Nxe4 Bxe4 10. Nd2 Bf5 11. Bf3 Nc6 12. Bxc6 bxc6 13. e4 Be6 14. dxc5 dxc5
15. Qc2 Rb8 16. Rab1 Qd4 17. b3 Bg4 18. Rfe1 Rfd8 19. h3 Be6 20. Rbd1 Qc3 21.
Rc1 Qa5 22. Nf3 Rd7 23. Bd2 Qc7 24. Bc3 Bxc3 25. Qxc3 Rbd8 26. Qe3 Bxh3 27. Qh6
Be6 28. Ng5 Qe5 29. Qxh7+ Kf8 30. Nxe6+ fxe6 31. Qxg6 Rd2 32. Qh6+ Kf7 33. Qh7+
Kf8 34. g3 Qf6 35. Rf1 Rxa2 36. e5 Qg7 37. Qe4 Rd4 38. Qf3+ Qf7 39. Qxc6 Rdd2
40. Qc8+ Kg7 41. Qxc5 Rd3 42. Ra1 Rb2 43. Rxa7 Kh6 44. Rxe7 Qg6 45. Kh1 Rxg3
46. Rh7+ Qxh7 0-1

[Event "Univé Chess Tournament 2009 - Open"]
[Site "Hoogeveen NED"]
[Date "2009.10.22"]
[Round "7.13"]
[White "Tondivar, Babak"]
[Black "Haast, Anne"]
[Result "1/2-1/2"]
[WhiteElo "2367"]
[BlackElo "2215"]
[PlyCount "142"]
[EventDate "2009.10.16"]
[EventType "swiss"]
[EventRounds "9"]
[EventCountry "NED"]
[Source "lmi"]
[SourceDate "2009.10.16"]

1. Nf3 Nf6 2. g3 g6 3. Bg2 Bg7 4. O-O O-O 5. c4 d6 6. Nc3 e5 7. d3 Nc6 8. Rb1
Nh5 9. b4 f5 10. b5 Ne7 11. Qc2 h6 12. a4 g5 13. Ba3 Ng6 14. Nd2 Nf6 15. c5 Re8
16. cxd6 cxd6 17. Nc4 Bf8 18. Nd5 Nxd5 19. Bxd5+ Kg7 20. a5 Rb8 21. Rfc1 b6 22.
axb6 axb6 23. Bb4 Bb7 24. Bxb7 Rxb7 25. Ne3 Ne7 26. Qa2 Qd7 27. Qb3 f4 28. Nd5
Nxd5 29. Qxd5 Qf7 30. Qxf7+ Kxf7 31. Rc6 Ke6 32. Ra1 Kd7 33. Ra6 Reb8 34. Kg2
h5 35. h3 g4 36. hxg4 hxg4 37. gxf4 exf4 38. Rc4 Bh6 39. Rd4 f3+ 40. exf3 gxf3+
41. Kxf3 Rf8+ 42. Kg3 Rf6 43. f4 Bf8 44. Ra8 Be7 45. Kf3 Rf5 46. Rg8 Rxb5 47.
Bxd6 Bxd6 48. Rg7+ Kc6 49. Rxb7 Kxb7 50. Rxd6 Kc7 51. Rf6 Rb4 52. Ke3 Kd7 53.
d4 Ke7 54. Rh6 Rb1 55. Ke4 b5 56. Rb6 b4 57. Ke5 Re1+ 58. Kd5 Rf1 59. Ke5 Re1+
60. Kd5 Rb1 61. Kc4 Rf1 62. Kxb4 Rxf4 63. Kc5 Rf1 64. Rb7+ Kd8 65. d5 Rf6 66.
Rh7 Rg6 67. Rf7 Rh6 68. Kd4 Rh4+ 69. Ke5 Rh5+ 70. Rf5 Rxf5+ 71. Kxf5 Kd7
1/2-1/2

[Event "Univé Chess Tournament 2009 - Open"]
[Site "Hoogeveen NED"]
[Date "2009.10.22"]
[Round "7.14"]
[White "Admiraal, Miguoel"]
[Black "Grooten, Herman"]
[Result "0-1"]
[WhiteElo "2194"]
[BlackElo "2328"]
[PlyCount "178"]
[EventDate "2009.10.16"]
[EventType "swiss"]
[EventRounds "9"]
[EventCountry "NED"]
[Source "lmi"]
[SourceDate "2009.10.16"]

1. e4 c5 2. Nf3 e6 3. d4 cxd4 4. Nxd4 Nc6 5. Nb5 d6 6. c4 Nf6 7. N1c3 a6 8. Na3
b6 9. Be2 Bb7 10. O-O Be7 11. Be3 Nb8 12. Qd4 Nbd7 13. Rfd1 O-O 14. Rac1 Qc7
15. Nc2 Rac8 16. f3 Qb8 17. Kh1 Ba8 18. Bg1 Rfd8 19. Ne3 Nh5 20. Bf1 Ne5 21.
Nc2 Rd7 22. Na4 Bd8 23. Nxb6 Bxb6 24. Qxb6 Qxb6 25. Bxb6 Nxc4 26. Bxc4 Rxc4 27.
Nb4 Rxc1 28. Rxc1 Bb7 29. Kg1 Nf6 30. Kf2 g5 31. Rc3 e5 32. Nd3 Kf8 33. a4 Ke7
34. Ke2 Nh5 35. b4 g4 36. Ke3 f5 37. fxg4 Nf6 38. gxf5 Bxe4 39. Rc1 Bxg2 40.
Ba5 Bh3 41. b5 axb5 42. axb5 Ra7 43. Nb4 Rb7 44. b6 Bxf5 45. Rd1 Be6 46. Nc6+
Kd7 47. Nxe5+ Ke7 48. Nc6+ Kd7 49. Nb4 Ng4+ 50. Kf4 Ne5 51. Nd3 Ng6+ 52. Kg5
Kc6 53. Rb1 Bc4 54. Nb2 Ne5 55. Bc3 Rg7+ 56. Kf5 Rf7+ 57. Ke4 Bd5+ 58. Ke3 Ng4+
59. Kd3 Rf3+ 60. Kd2 Rf2+ 61. Kd3 Be6 62. Re1 Bf5+ 63. Kc4 Rf4+ 64. Kb3 Kxb6
65. h3 Nf2 66. Nc4+ Kc6 67. Ra1 Be6 68. Ra6+ Kb7 69. Ra4 Rxc4 70. Rxc4 Nxh3 71.
Kb4 Bxc4 72. Kxc4 Kc6 73. Bd2 Ng1 74. Bh6 Nf3 75. Kd3 Kd5 76. Ke3 Ne5 77. Bg5
Ke6 78. Kf4 h5 79. Bd8 Nf7 80. Bh4 d5 81. Bf2 Nd6 82. Be3 Nf5 83. Bb6 h4 84.
Bf2 d4 85. Kg4 Ke5 86. Be1 Ke4 87. Bd2 Kd3 88. Ba5 Ke2 89. Kxf5 h3 0-1

[Event "Univé Chess Tournament 2009 - Open"]
[Site "Hoogeveen NED"]
[Date "2009.10.22"]
[Round "7.15"]
[White "Jellema, Yme Jan"]
[Black "Afek, Yochanan"]
[Result "0-1"]
[WhiteElo "2177"]
[BlackElo "2303"]
[PlyCount "82"]
[EventDate "2009.10.16"]
[EventType "swiss"]
[EventRounds "9"]
[EventCountry "NED"]
[Source "lmi"]
[SourceDate "2009.10.16"]

1. e4 c5 2. c3 e6 3. d4 d5 4. exd5 exd5 5. Bb5+ Nc6 6. Qe2+ Be7 7. Nf3 Nf6 8.
Ne5 Bd7 9. Nxd7 Qxd7 10. dxc5 O-O 11. O-O Bxc5 12. Nd2 a6 13. Bxc6 bxc6 14. Qd3
Rfe8 15. Nf3 Qb7 16. b4 Ba7 17. Bf4 Ne4 18. Nd4 a5 19. a3 a4 20. f3 c5 21. fxe4
cxd4 22. exd5 dxc3+ 23. Kh1 Rad8 24. d6 Qe4 25. Qa6 Bd4 26. Qxa4 h6 27. Rac1
Re6 28. Bg3 Rf6 29. Rxf6 Bxf6 30. Qc2 Qc4 31. Re1 h5 32. h3 g6 33. Qc1 c2 34.
Qf4 Qxf4 35. Bxf4 g5 36. Be3 Rxd6 37. Rc1 Rd3 38. Rxc2 Rxe3 39. Ra2 Re1+ 40.
Kh2 Be5+ 41. g3 Re3 0-1

[Event "Univé Chess Tournament 2009 - Open"]
[Site "Hoogeveen NED"]
[Date "2009.10.22"]
[Round "7.16"]
[White "Van Kooten, Luuk"]
[Black "Kabos, Tobias"]
[Result "1-0"]
[WhiteElo "2292"]
[BlackElo "2175"]
[PlyCount "57"]
[EventDate "2009.10.16"]
[EventType "swiss"]
[EventRounds "9"]
[EventCountry "NED"]
[Source "lmi"]
[SourceDate "2009.10.16"]

1. d4 Nf6 2. c4 g6 3. Nc3 Bg7 4. e4 d6 5. Bd3 O-O 6. Nge2 Nc6 7. O-O Nd7 8. Be3
e5 9. d5 Nd4 10. Rc1 c5 11. dxc6 bxc6 12. b4 f5 13. exf5 gxf5 14. Bxd4 exd4 15.
Na4 Qg5 16. f4 Qg6 17. c5 d5 18. b5 Rb8 19. Rb1 Re8 20. Rf3 cxb5 21. Rg3 Qe6
22. Nxd4 Qe3+ 23. Rxe3 Bxd4 24. Bxb5 Bxe3+ 25. Kh1 Bf2 26. Qxd5+ Kg7 27. Nc3 a6
28. Qf3 Bh4 29. Qh5 1-0

[Event "Univé Chess Tournament 2009 - Open"]
[Site "Hoogeveen NED"]
[Date "2009.10.22"]
[Round "7.17"]
[White "Hoffman, Ron"]
[Black "Clemens, Adrian"]
[Result "1/2-1/2"]
[WhiteElo "2107"]
[BlackElo "2264"]
[PlyCount "78"]
[EventDate "2009.10.16"]
[EventType "swiss"]
[EventRounds "9"]
[EventCountry "NED"]
[Source "lmi"]
[SourceDate "2009.10.16"]

1. d4 Nf6 2. c4 g6 3. Nc3 d5 4. cxd5 Nxd5 5. Bg5 Bg7 6. Rc1 Nxc3 7. bxc3 O-O 8.
e3 c5 9. Qd2 Nd7 10. Nf3 Nf6 11. Bd3 b6 12. O-O Bb7 13. Bf4 Rc8 14. Qe2 cxd4
15. cxd4 Qd5 16. Bc4 Qa5 17. Ne5 e6 18. h3 Bd5 19. Ba6 Rxc1 20. Rxc1 Qxa2 21.
Qxa2 Bxa2 22. Rc7 Nd5 23. Rxa7 Nxf4 24. exf4 Bxe5 25. fxe5 Bd5 26. Bb5 Rc8 27.
Ra6 Rc1+ 28. Kh2 Rb1 29. Bd7 b5 30. Bc6 Bc4 31. Ra7 b4 32. Ra4 g5 33. Kg3 Bd3
34. Kf3 b3 35. Rb4 Bg6 36. d5 exd5 37. Bxd5 b2 38. Ba2 Re1 39. Rxb2 Rxe5
1/2-1/2

[Event "Univé Chess Tournament 2009 - Open"]
[Site "Hoogeveen NED"]
[Date "2009.10.22"]
[Round "7.19"]
[White "Bijlsma, Nick"]
[Black "Heemskerk, Wim"]
[Result "0-1"]
[WhiteElo "2028"]
[BlackElo "2236"]
[PlyCount "120"]
[EventDate "2009.10.16"]
[EventType "swiss"]
[EventRounds "9"]
[EventCountry "NED"]
[Source "lmi"]
[SourceDate "2009.10.16"]

1. e4 e6 2. d3 d5 3. Nd2 c5 4. Ngf3 Nc6 5. g3 g6 6. Bg2 Bg7 7. O-O Nge7 8. Re1
O-O 9. h4 b6 10. e5 Qc7 11. Qe2 Ba6 12. Nf1 Rac8 13. Bf4 Rfd8 14. c3 b5 15.
N1h2 b4 16. Ng4 Kh8 17. Ng5 Nf5 18. Nf6 h6 19. Nh3 Qa5 20. Rec1 Qb5 21. Rd1 Qa5
22. Rdc1 Qb5 23. Bf1 Bb7 24. Qg4 Nce7 25. h5 bxc3 26. bxc3 Qc6 27. Bg2 Qa4 28.
Qe2 Ba6 29. Qd2 g5 30. Bxg5 hxg5 31. Nxg5 Nh6 32. Nh3 Ng4 33. Ng5 Nh6 34. Nh3
Rb8 35. Nf4 Nc6 36. Qe2 Ne7 37. Qf3 Nef5 38. Ng4 Qd7 39. Nf6 Bxf6 40. exf6 d4
41. g4 Nh4 42. Qg3 Nxg2 43. Nxg2 Rg8 44. g5 Qd5 45. g6 Bb7 46. cxd4 Qxg2+ 47.
Qxg2 Bxg2 48. g7+ Kh7 49. Kxg2 Ng4 50. Rxc5 Nxf6 51. Kf3 Nd5 52. Ra5 Rb7 53.
Rc1 Rxg7 54. Rc8 Ne7 55. Rf8 Nc6 56. Rc5 Rb8 57. Rxb8 Nxb8 58. Rc8 Nd7 59. Rc7
f6 60. Ke3 Nb6 0-1

[Event "Univé Chess Tournament 2009 - Open"]
[Site "Hoogeveen NED"]
[Date "2009.10.22"]
[Round "7.21"]
[White "Vinke, Andreas"]
[Black "Van der Veen, Jan"]
[Result "1/2-1/2"]
[WhiteElo "2232"]
[BlackElo "2144"]
[PlyCount "49"]
[EventDate "2009.10.16"]
[EventType "swiss"]
[EventRounds "9"]
[EventCountry "NED"]
[Source "lmi"]
[SourceDate "2009.10.16"]

1. c4 Nf6 2. g3 g6 3. Bg2 Bg7 4. Nc3 O-O 5. Nf3 d6 6. O-O Nc6 7. Rb1 a5 8. a3
e5 9. d3 h6 10. b4 axb4 11. axb4 Be6 12. b5 Ne7 13. Qb3 Qd7 14. Bb2 Bh3 15. Nd5
Bxg2 16. Kxg2 Nfxd5 17. cxd5 c6 18. dxc6 bxc6 19. bxc6 Nxc6 20. Rfc1 Rfb8 21.
Qc4 Rc8 22. Qb3 Rab8 23. Qa3 Ra8 24. Qb3 Rab8 25. Qa3 1/2-1/2

[Event "Univé Chess Tournament 2009 - Open"]
[Site "Hoogeveen NED"]
[Date "2009.10.22"]
[Round "7.23"]
[White "Kasparova, Tatiana"]
[Black "Sparenberg, Erik"]
[Result "1/2-1/2"]
[WhiteElo "2175"]
[BlackElo "2076"]
[PlyCount "59"]
[EventDate "2009.10.16"]
[EventType "swiss"]
[EventRounds "9"]
[EventCountry "NED"]
[Source "lmi"]
[SourceDate "2009.10.16"]

1. e4 e5 2. Nf3 Nc6 3. Bb5 a6 4. Bxc6 dxc6 5. O-O Bg4 6. h3 h5 7. d3 Qf6 8. Be3
Bxf3 9. Qxf3 Qxf3 10. gxf3 Bd6 11. Nd2 Ne7 12. Nc4 Ng6 13. Rfd1 f6 14. Kf1 c5
15. Ke2 Kf7 16. Rg1 Rad8 17. Rg2 Rhg8 18. a4 b6 19. Rag1 Nh4 20. Rh2 g5 21. a5
b5 22. Nd2 Ng6 23. Nb3 Nf4+ 24. Bxf4 gxf4 25. Rhg2 Rxg2 26. Rxg2 Rg8 27. Rxg8
Kxg8 28. c3 Kf7 29. Nd2 Kg6 30. Kf1 1/2-1/2

[Event "Univé Chess Tournament 2009 - Open"]
[Site "Hoogeveen NED"]
[Date "2009.10.22"]
[Round "7.24"]
[White "Fehr, Axel"]
[Black "Potze, Rudolf"]
[Result "1/2-1/2"]
[WhiteElo "2128"]
[BlackElo "2156"]
[PlyCount "41"]
[EventDate "2009.10.16"]
[EventType "swiss"]
[EventRounds "9"]
[EventCountry "NED"]
[Source "lmi"]
[SourceDate "2009.10.16"]

1. c4 e5 2. g3 Nc6 3. Bg2 g6 4. Nc3 Bg7 5. e3 d6 6. Nge2 Nf6 7. O-O O-O 8. d3
a5 9. b3 Ne7 10. Bb2 c6 11. d4 Qc7 12. Qd2 Bf5 13. h3 h5 14. Rfd1 Rfd8 15. Rac1
Kh7 16. Kh2 Neg8 17. e4 Bd7 18. Rc2 Nh6 19. Qe1 Nfg8 20. Bc1 f5 21. dxe5
1/2-1/2

[Event "Univé Chess Tournament 2009 - Open"]
[Site "Hoogeveen NED"]
[Date "2009.10.22"]
[Round "7.25"]
[White "Vedder, Richard"]
[Black "Beukema, Stefan"]
[Result "0-1"]
[WhiteElo "2349"]
[BlackElo "2032"]
[PlyCount "114"]
[EventDate "2009.10.16"]
[EventType "swiss"]
[EventRounds "9"]
[EventCountry "NED"]
[Source "lmi"]
[SourceDate "2009.10.16"]

1. b3 e5 2. Bb2 Nc6 3. c4 f5 4. e3 Nf6 5. Ne2 d5 6. cxd5 Nxd5 7. Nbc3 Be6 8.
Nxd5 Bxd5 9. Nc3 Bf7 10. Bb5 Qf6 11. Qc2 g6 12. f4 O-O-O 13. Bxc6 Qxc6 14. fxe5
Qxg2 15. O-O-O Qc6 16. Rhf1 Bg7 17. Ne2 Qb5 18. d4 Bh6 19. Rd3 Bd5 20. Nc3 Qa6
21. Re1 Rhe8 22. Kb1 c6 23. Nxd5 Rxd5 24. Rdd1 Qa5 25. e4 fxe4 26. Rxe4 Qd8 27.
Rf1 Qg5 28. a4 Rf8 29. Rxf8+ Bxf8 30. Qf2 Bh6 31. Ka2 Qd2 32. Re2 Qd3 33. e6
Rd8 34. e7 Re8 35. Qf7 Kd7 36. Qe6+ Kc7 37. Qe5+ Kd7 38. Qe6+ Kc7 39. Qe5+ Kd7
40. Ba3 Bf4 41. Qe6+ Kc7 42. h4 Qxd4 43. Qf7 Kd7 44. Bb2 Qd3 45. Qe6+ Kc7 46.
Rf2 Bd6 47. Rf8 Rxe7 48. Qc8+ Kb6 49. Qd8+ Ka6 50. Rf6 Re3 51. Qg8 Re1 52. Rxd6
Qxd6 53. Qc4+ Kb6 54. Bd4+ Kc7 55. Qc3 Re2+ 56. Kb1 Qf4 57. Qa5+ Kc8 0-1

[Event "Univé Chess Tournament 2009 - Open"]
[Site "Hoogeveen NED"]
[Date "2009.10.22"]
[Round "7.26"]
[White "Hovenga, Alje"]
[Black "Hendriks, Richard"]
[Result "1/2-1/2"]
[WhiteElo "2206"]
[BlackElo "2117"]
[PlyCount "127"]
[EventDate "2009.10.16"]
[EventType "swiss"]
[EventRounds "9"]
[EventCountry "NED"]
[Source "lmi"]
[SourceDate "2009.10.16"]

1. d4 d5 2. c4 dxc4 3. e4 e5 4. Nf3 exd4 5. Bxc4 Nc6 6. O-O Be6 7. Bb5 Bc5 8.
b4 Bb6 9. a4 a5 10. bxa5 Rxa5 11. Nbd2 Ra8 12. Qc2 Nge7 13. Ng5 O-O 14. Nxe6
fxe6 15. Ra3 Ne5 16. Qa2 Qd6 17. Rh3 N7g6 18. Nc4 Nxc4 19. Bxc4 Rae8 20. Qe2
Qc5 21. Ba3 Nf4 22. Bxc5 Nxe2+ 23. Bxe2 Bxc5 24. Rb3 b6 25. Bc4 Kf7 26. g3 Ke7
27. Kg2 Ra8 28. Ra1 c6 29. Rbb1 e5 30. Ra2 Ra5 31. Bb3 Kd6 32. Rc2 h6 33. h4
Rb8 34. Rbc1 Rc8 35. f4 Re8 36. f5 Rc8 37. g4 Ba3 38. Ra1 Bb4 39. Rb1 Bc3 40.
g5 hxg5 41. hxg5 b5 42. f6 bxa4 43. Bc4 gxf6 44. gxf6 Rf8 45. f7 Kc5 46. Ba2
Rb5 47. Rg1 Rb2 48. Rxb2 Bxb2 49. Kf3 Ba3 50. Rg6 Bb4 51. Ke2 Kb6 52. Rg8 Bd6
53. Kd3 Kc7 54. Rg6 a3 55. Rg8 Kd7 56. Bc4 Be7 57. Kc2 Rd8 58. Be6+ Kxe6 59.
Rxd8 Kxf7 60. Ra8 Bb4 61. Kd3 Ke6 62. Kc4 c5 63. Ra6+ Kf7 64. Rh6 1/2-1/2

[Event "Univé Chess Tournament 2009 - Open"]
[Site "Hoogeveen NED"]
[Date "2009.10.22"]
[Round "7.27"]
[White "Beijerinck, Nick"]
[Black "Cako, Laszlo"]
[Result "1-0"]
[WhiteElo "2044"]
[BlackElo "2159"]
[PlyCount "67"]
[EventDate "2009.10.16"]
[EventType "swiss"]
[EventRounds "9"]
[EventCountry "NED"]
[Source "lmi"]
[SourceDate "2009.10.16"]

1. e4 e5 2. Nf3 Nc6 3. d4 exd4 4. Nxd4 Nf6 5. Nxc6 bxc6 6. e5 Qe7 7. Qe2 Nd5 8.
c4 Ba6 9. b3 g5 10. g3 Bg7 11. Bb2 O-O 12. Nd2 Rae8 13. O-O-O f6 14. Qh5 Nb6
15. Bd3 f5 16. h4 Bxe5 17. Bxe5 Qxe5 18. hxg5 Re7 19. g4 Qc3+ 20. Bc2 Bxc4 21.
Nb1 Qe5 22. gxf5 Be2 23. Qh6 Bxd1 24. Kxd1 Qd6+ 25. Qxd6 cxd6 26. f6 Ref7 27.
Nd2 d5 28. Nf3 Re8 29. Nh4 Rff8 30. Nf5 Nc8 31. Nh6+ Kh8 32. Ng4 Kg8 33. Rxh7
Rf7 34. Nh6+ 1-0

[Event "Univé Chess Tournament 2009 - Open"]
[Site "Hoogeveen NED"]
[Date "2009.10.22"]
[Round "7.28"]
[White "Stavast, Dick"]
[Black "Sadallah, Osama"]
[Result "1-0"]
[WhiteElo "1998"]
[BlackElo "2156"]
[PlyCount "119"]
[EventDate "2009.10.16"]
[EventType "swiss"]
[EventRounds "9"]
[EventCountry "NED"]
[Source "lmi"]
[SourceDate "2009.10.16"]

1. Nf3 Nf6 2. g3 g6 3. Bg2 Bg7 4. O-O O-O 5. d3 d6 6. e4 c6 7. Nbd2 Qa5 8. h3
Nfd7 9. Nc4 Qa6 10. Re1 b5 11. Ne3 Ne5 12. Nh2 c5 13. f4 Nec6 14. g4 Qb6 15.
Kh1 h6 16. f5 Nd7 17. a4 b4 18. Rf1 Ba6 19. g5 h5 20. Nd5 Qd8 21. f6 Bh8 22.
fxe7 Nxe7 23. Nf6+ Kg7 24. Qe1 Ng8 25. Qh4 Ngxf6 26. gxf6+ Kg8 27. Bg5 Re8 28.
Rf2 Rb8 29. b3 Rb6 30. a5 Rb8 31. Rg1 Re5 32. Nf3 Re6 33. Bf1 Bxf6 34. Be2 Kf8
35. Rgf1 Ke8 36. Bxf6 Rxf6 37. Ng5 Rxf2 38. Rxf2 Ne5 39. d4 cxd4 40. Bxa6 d5
41. exd5 Qxd5+ 42. Qe4 Qxe4+ 43. Nxe4 Ke7 44. Nc5 Rd8 45. Nd3 Nc6 46. Bc4 Rf8
47. a6 Na5 48. Bd5 f5 49. Nxb4 Kd6 50. Bf3 Rc8 51. Nd3 Rc3 52. Nf4 g5 53. Nxh5
d3 54. Rd2 Rxc2 55. Rxd3+ Ke7 56. Ng3 Kf6 57. Rd5 Nxb3 58. Rxf5+ Kg6 59. Be4
Rc1+ 60. Rf1+ 1-0